000 00873cam a2200289 a 4500
005 20260322212035.0
008 data
010 _a 2001280571
020 _a0873587782
020 _a087358161X (cover)
020 _a9780873581615 (cover)
020 _a9780873587785
040 _aDLC
_cDLC
_dDLC
043 _an-us-az
050 0 0 _aE99.H7
_bW72 2000
082 0 0 _a745.592/21/0899745
_221
092 _a745.59 W72 1977
100 1 _aWright, Barton.
245 1 0 _aHopi kachinas :
_bthe complete guide to collecting kachina dolls /
_cBarton Wright.
250 _a1st rev. ed.
260 _aFlagstaff, AZ :
_bNorthland Pub.,
_c2000.
300 _aix, 141 p. :
_bcol. ill., map ;
_c25 cm.
504 _aIncludes bibliographical references (p. 25-26) and index.
650 0 _aKachina dolls
_xCollectors and collecting.
650 0 _aHopi Indians
_xReligion.
001 data
999 _c814
_d814